Statistics for Pixelated United States Map

Click here to take the quiz!

General Stats

  • This quiz has been taken 32,020 times
  • The average score is 290 of 332

Answers on the Map

Answers color-coded by a green-red scale on the quiz's map according to % correct below.
Loading ...
 

Answer Stats

State% Correct
Texas
99%
California
98%
Florida
98%
Washington
97%
Alaska
96%
New York
95%
Hawaii
93%
New Mexico
92%
Nevada
92%
North Dakota
91%
Arizona
91%
South Dakota
90%
Oregon
90%
Maine
89%
North Carolina
88%
Michigan
88%
Alabama
88%
Georgia
87%
South Carolina
87%
Idaho
86%
Montana
86%
Utah
85%
Ohio
85%
Colorado
85%
Louisiana
85%
Kansas
84%
Mississippi
84%
Wyoming
82%
Virginia
82%
Illinois
81%
Arkansas
81%
Oklahoma
79%
Minnesota
79%
Wisconsin
78%
Nebraska
77%
Kentucky
77%
Tennessee
77%
Indiana
76%
Iowa
76%
West Virginia
76%
Pennsylvania
76%
Vermont
76%
Missouri
75%
Massachusetts
71%
Maryland
70%
Connecticut
66%

Score Distribution

Percentile by Number Answered

Percent of People with Each Score

Your Score History

You have not taken this quiz